| 000 | 00481nam a22001817a 4500 | ||
|---|---|---|---|
| 003 | CEME | ||
| 005 | 20210628204035.0 | ||
| 008 | 210105b xxu||||| |||| 00| 0 eng d | ||
| 020 | _a9693517555 | ||
| 040 | _c. | ||
| 082 | _a923.5 SHA | ||
| 100 |
_aQudrat Ullah Shahab _99763 |
||
| 245 | _aShahab namma | ||
| 260 |
_aLAHORE _bSANG-E-MEEL PUB _c2013 |
||
| 300 | _a840P | ||
| 650 |
_aURDU ADAB-BIOGRAPHY-SHAHAB NAMA..AUTOBIOGRAPHY-.SHAHAB QUDRAT ULLAH. _925361 |
||
| 942 |
_cBK _2ddc |
||
| 999 |
_c575984 _d575984 |
||